| 000 | 00963nam a2200229Ia 4500 | ||
|---|---|---|---|
| 003 | Ost | ||
| 005 | 20260507075045.0 | ||
| 008 | 260507s9999||||xx |||||||||||||| ||und|| | ||
| 020 | _a9957163341 | ||
| 040 | _cfsecg | ||
| 041 | _aara | ||
| 082 | _a368 | ||
| 100 |
_aشكري، بهاء بهيج _eمؤلف |
||
| 245 | 0 |
_aإعادة التأمين بين النظرية والتطبيق / _c بهاء بهيج شكري |
|
| 260 |
_aعمان: _bدار الثقافة للنشر والتوزيع, _c2008 |
||
| 300 |
_a271 صفحة؛ _bإيضاحات ؛ _c24 سم |
||
| 504 | _aبيبليوغرافيا: ص.271 | ||
| 520 | _aمبادئ إعادة التأمين-طرق إعادة التأمين-تطبيقات إعادة التأمين-الإسناد المكرر-التأمين الإسلامي وعلاقته بإعادة التأمين التجاري | ||
| 653 | _aإعادة التأمين | ||
| 653 | _aالتأمين - البنوك | ||
| 942 | _cكتاب | ||
| 999 |
_c42559 _d42559 |
||